Flagowa matematyka - Statystyki

Ogólne statystyki
  • Ten quiz został rozwiązany 105 razy
    55 od ostatniego zresetowania
  • Średni wynik to 12 z 16
Statystyki odpowiedzi
Obrazkowy Odpowiedź % Poprawnych
Słowacja
94%
Czechy
91%
Kanada
89%
Turcja
85%
Irak
83%
Norwegia
81%
Włochy
81%
Holandia
79%
Syria
79%
Węgry
79%
Niger
72%
Liberia
68%
Litwa
66%
Senegal
66%
Austria
62%
Mikronezja
62%
Nie znaleziono quizów pasujących do podanych kryteriów
Rozkład punktacji
Procent ludzi z każdym wynikiem
Percentyl według liczby udzielonych odpowiedzi
Twoja historia wyników
Nie rozwiązałeś tego quizu od ostatniego zresetowania